000 00835nam a2200217Ii 4500
003 JO-AjNU
008 230605s9999||||xx |||||||||||||| ||und||
040 _aJO-AjNU
_bara
_erda
_cJO-AjNU
041 _aara
050 1 4 _aPJ7750.A25.R56 1982
100 3 _aشرح وتحقيق كيلاني،كامل ؛ مراجعة لجنة إحياء التراث العربي,
_eauthor
_921012
245 0 0 _aرسالة الهناء للشاعر الفيلسوف أبي العلاء المعري
250 _aط 4
264 3 1 _aبيروت:دار الآفاق الجديدة،1982
300 _a144ص
336 _atext
_btxt
_2rdacontent
337 _aunmediated
_bn
_2rdamedia
338 _avolume
_bnc
_2rdacarrier
490 0 _a ذخائر التراث العربي
650 4 _a الرسائل العربية - تاريخ ونقد
_921013
999 _aA7228
_c10796
_d10796